000 00595nam a2200181Ia 4500
008 140626s9999 xx 000 0 und d
100 _aMeschi, Pierre-Xavier.
245 _aDo firms forget about their past acquisitions? evidence from French acquisitions in the United States (1988-2006) /
_cPierre-Xavier Meschi ... [et al.].
260 _cc2013.
300 _a39 : 2, page 469
440 _aJournal of Management
521 _aBSBA
650 _aAcquisition experience.
650 _aAcquisition failure.
650 _aForgetting.
650 _aOrganizational memory.
942 _cSE
999 _c121018
_d121018